[Event "HUN-chT2 Szechenyi 0304"]
[Site "Hungary"]
[Date "2004.03.21"]
[Round "9"]
[White "Barson, Laszlo"]
[Black "Varga, Jozsef"]
[Result "1/2-1/2"]
[WhiteElo "2059"]
[BlackElo "2064"]
[PlyCount "187"]
[EventDate "2003.09.28"]
[EventType "team"]
[EventRounds "11"]
[EventCountry "HUN"]
[SourceTitle "EXT 2009"]
[Source "ChessBase"]
[SourceDate "2008.11.26"]
[SourceVersion "1"]
[SourceVersionDate "2008.11.26"]
[SourceQuality "1"]
[WhiteTeam "Lovo"]
[BlackTeam "Szentgotthard"]
[WhiteTeamCountry "HUN"]
[BlackTeamCountry "HUN"]

1. e4 d6 2. d4 Nf6 3. Nc3 c6 4. f4 Bg4 5. Nf3 Qa5 6. Bd3 h6 7. Be3 Nbd7 8. h3 Bh5 9. g4 Bg6 10. f5 Bh7 11. Qd2 0-0-0 12. 0-0-0 Ne8 13. Kb1 f6 14. Rhe1 Bg8 15. e5 fxe5 16. dxe5 Nxe5 17. Nxe5 dxe5 18. Bf2 Nd6 19. Qe2 Nf7 20. Bg3 h5 21. g5 Nxg5 22. Bxe5 Nf7 23. Bf4 Nd6 24. Qh2 Bf7 25. Re5 Qc7 26. Rde1 Rg8 27. Qf2 Kb8 28. Ne4 Ka8 29. Ng5 Bd5 30. Qc5 Qd7 31. Be3 Nc8 32. Ne6 Bxe6 33. Rxe6 Qd5 34. Qa3 Rd6 35. Be4 Qb5 36. Bd3 Qd5 37. Be4 Qb5 38. Bd3 Qd5 39. Re4 b6 40. Ra4 g6 41. Bc4 Qd1+ 42. Rxd1 Rxd1+ 43. Bc1 Bh6 44. b3 Bxc1 45. Qxc1 Rxc1+ 46. Kxc1 Rg7 47. Ba6 Nd6 48. fxg6 Kb8 49. Bd3 e5 50. Rh4 e4 51. Bxe4 Nxe4 52. Rxe4 Rxg6 53. Re5 Rh6 54. Re7 Rd6 55. Rh7 Rd5 56. a4 a5 57. Kb2 Kc8 58. c3 Rf5 59. Ka3 Rf3 60. Rxh5 Rxc3 61. Rh7 b5 62. h4 b4+ 63. Kb2 Kd8 64. h5 Rh3 65. Kc2 Ke8 66. h6 Kf8 67. Rh8+ Kf7 68. h7 Kg7 69. Ra8 Kxh7 70. Rxa5 Rc3+ 71. Kb2 Kg6 72. Re5 Kf6 73. Re2 Rc5 74. Re4 Kf5 75. Rxb4 Ke5 76. Rh4 Kd6 77. b4 Rg5 78. Kc3 Kc7 79. Rd4 c5 80. Rc4 Kb6 81. b5 Rg3+ 82. Kb2 Rg2+ 83. Kb3 Rg3+ 84. Rc3 Rg4 85. Rh3 Rb4+ 86. Ka3 Ka5 87. Rb3 Rxa4+ 88. Kb2 c4 89. Ra3 Rxa3 90. Kxa3 Kxb5 91. Ka2 Ka4 92. Kb2 Kb4 93. Kc2 c3 94. Kc1 1/2-1/2